| 000 | 00695nam a22001937a 4500 | ||
|---|---|---|---|
| 020 | _a9789693710984 | ||
| 082 |
_a491.4391 _bKAM |
||
| 100 | _aKamal, Muhammad Ashraf | ||
| 245 |
_aLisaniyat, Zaban aur Rasm‑ul‑Khat/ _cDr. Muhammad Ashraf Kamal. |
||
| 260 |
_aIslamabad: _bNational Book Foundation, _c2020. |
||
| 300 | _a163 pages; | ||
| 563 | _aPB | ||
| 650 |
_aLinguistics. _9306 |
||
| 650 |
_aرسمِ الخط _9126053 |
||
| 880 |
_6100-01\(3\r _aلسانیات، زبان اور رسمِ الخط / |
||
| 880 |
_6100-02\(3\r _aڈاکٹر محمد اشرف کمال |
||
| 880 |
_6100-03\(3\r _aاسلام آباد : _bنیشنل بک فاؤنڈیشن _c2020. |
||
| 942 |
_2ddc _cBK |
||
| 999 |
_c614299 _d614299 |
||